000 00296nam a22001337a 4500
008 170407b xxu||||| |||| 00| 0 eng d
020 _a9780781750974
041 _aeng
080 _27TH
_a616
100 _a9
101 _aSHM
245 _aPATHOPHYSIOLOGY
_cPREZBNDOWSKI, K.S
942 _2udc
_cBK
999 _c10139
_d10139